| 000 | 00591nam a2200181Ia 4500 | ||
|---|---|---|---|
| 008 | 151018s9999 xx 000 0 und d | ||
| 082 |
_bRBASDV9955 _a954 |
||
| 100 | _aरवींद्रनाथ टागोर | ||
| 245 | _aइतिहास | ||
| 250 | _b1 | ||
| 260 |
_bप्रेस्टीज पब्लिकेशन पुणे _c1971 |
||
| 300 | _a125 | ||
| 600 | _aरवींद्रनाथ टागोर | ||
| 630 | _aइतिहास | ||
| 700 | _aरवींद्रनाथ टागोर | ||
| 730 | _aइतिहास | ||
| 942 | _cBOOK | ||
| 999 |
_c1012317 _d1012314 |
||